000 00507nam a2200205Ia 4500
003 OSt
005 20251015093251.0
008 250729s2006 xx 000 0 und d
020 _a978-8171412808
040 _cAL
041 _aeng
082 _a370.78 RAOA
100 _aRao Digumurthi
_9222993
245 _aAchivement in science
260 _aNew Delhi
_bDiscovery Publishing House
_c2006
300 _a151p
650 _aScience
_9222994
700 _aLatha Pushpa D
_9222995
942 _2ddc
_cBED
999 _c235700
_d235700